[Event "St Petersburg Rudenko Memorial (Women)"]
[Site "St Petersburg"]
[Date "2011.08.29"]
[Round "7"]
[White "Maidanova, Irina"]
[Black "Markelova, Lubov"]
[Result "0-1"]
[WhiteElo "1861"]
[BlackElo "2074"]
[PlyCount "60"]
[EventDate "2011.08.23"]
[EventType "swiss"]
[EventRounds "9"]
[EventCountry "RUS"]
[SourceTitle "CBM 144 Extra"]
[Source "ChessBase"]
[SourceDate "2011.10.28"]
[SourceVersion "1"]
[SourceVersionDate "2011.10.28"]
[SourceQuality "1"]

1. e4 c5 2. Nf3 Nc6 3. d4 cxd4 4. Nxd4 Qb6 5. Nb3 Nf6 6. Nc3 e6 7. a3 a6 8. Be3 Qc7 9. f4 d6 10. Be2 b5 11. Bf3 Bb7 12. Qd2 Be7 13. 0-0 0-0 14. Rad1 Rac8 15. Qf2 b4 16. axb4 Nxb4 17. Nd4 d5 18. e5 Ne4 19. Bxe4 dxe4 20. Qg3 Bc5 21. f5 Bxd4 22. Bxd4 exf5 23. Rxf5 Nxc2 24. Qf2 Nxd4 25. Rxd4 g6 26. Rf4 Qxe5 27. Rd7 e3 28. Qf1 Bxg2 29. Kxg2 Rxc3 30. Rfxf7 Rc2+ 0-1

[Event "Moscow-ch U18"]
[Site "Moscow"]
[Date "2010.12.09"]
[Round "9"]
[White "Kalinin, Nikita"]
[Black "Maidanova, Irina"]
[Result "0-1"]
[WhiteElo "2023"]
[BlackElo "1879"]
[PlyCount "32"]
[EventDate "2010.11.21"]
[EventType "swiss"]
[EventRounds "9"]
[EventCountry "RUS"]
[SourceTitle "EXT 2012"]
[Source "ChessBase"]
[SourceDate "2011.11.24"]
[SourceVersion "1"]
[SourceVersionDate "2011.11.24"]
[SourceQuality "1"]

1. h4 d5 2. h5 e5 3. h6 Nxh6 4. d4 Nf5 5. dxe5 Nc6 6. Nf3 Be6 7. Bf4 Qd7 8. e3 0-0-0 9. Bb5 Be7 10. Bxc6 Qxc6 11. g4 d4 12. gxf5 Bb4+ 13. Kf1 dxe3 14. Qe2 Bc4 15. Bxe3 Bxe2+ 16. Kxe2 Qc4# 0-1

[Event "Moscow-ch U18"]
[Site "Moscow"]
[Date "2010.11.22"]
[Round "2"]
[White "Maidanova, Irina"]
[Black "Savenkov, Konstantin"]
[Result "0-1"]
[WhiteElo "1879"]
[BlackElo "1943"]
[PlyCount "88"]
[EventDate "2010.11.21"]
[EventType "swiss"]
[EventRounds "9"]
[EventCountry "RUS"]
[SourceTitle "EXT 2012"]
[Source "ChessBase"]
[SourceDate "2011.11.24"]
[SourceVersion "1"]
[SourceVersionDate "2011.11.24"]
[SourceQuality "1"]

1. d4 e6 2. c4 d5 3. Nc3 f5 4. Bf4 c6 5. e3 Nf6 6. Nf3 Bd6 7. Bd3 0-0 8. 0-0 Qe7 9. Qc2 Ne4 10. Rac1 Nd7 11. Bxd6 Qxd6 12. Ne2 Qe7 13. Ne5 Nxe5 14. dxe5 Kh8 15. Nd4 g6 16. a3 Bd7 17. b4 Rac8 18. Qb2 Kg8 19. Nb3 b6 20. f3 Ng5 21. Nd2 Qg7 22. b5 c5 23. e4 fxe4 24. fxe4 d4 25. Rf6 Rxf6 26. exf6 Qxf6 27. Rf1 Qg7 28. Qc1 Rf8 29. Rxf8+ Qxf8 30. e5 Qf4 31. Qe1 Bc8 32. h4 Nf7 33. Qf2 Qxf2+ 34. Kxf2 Bb7 35. Be4 Bxe4 36. Nxe4 Nxe5 37. Nd6 Kf8 38. Ke2 Ke7 39. Nc8+ Kd7 40. Nxa7 Kc7 41. a4 Kb7 42. Nc6 Nxc6 43. bxc6+ Kxc6 44. Kd3 Kb7 0-1

[Event "Moscow-ch (Women)"]
[Site "Moscow"]
[Date "2009.03.31"]
[Round "9"]
[White "Strutinskaya, Galina N"]
[Black "Maidanova, Irina"]
[Result "1-0"]
[WhiteElo "2282"]
[BlackElo "1908"]
[PlyCount "37"]
[EventDate "2009.03.23"]
[EventType "swiss"]
[EventRounds "9"]
[EventCountry "RUS"]
[SourceTitle "EXT 2010"]
[Source "ChessBase"]
[SourceDate "2010.11.25"]
[SourceVersion "1"]
[SourceVersionDate "2010.11.25"]
[SourceQuality "1"]

1. d4 d5 2. c4 e6 3. Nf3 Be7 4. Nc3 Nf6 5. cxd5 exd5 6. Bg5 c6 7. Qc2 0-0 8. e3 Ne4 9. Bf4 Nd6 10. Bd3 g6 11. Qb3 a5 12. 0-0 Na6 13. Rac1 Be6 14. a3 Nc7 15. Na4 Ndb5 16. Nc5 Bxc5 17. Rxc5 a4 18. Bxc7 Qxc7 19. Qxb5 1-0

[Event "Moscow-ch (Women)"]
[Site "Moscow"]
[Date "2008.03.27"]
[Round "8"]
[White "Maidanova, Irina"]
[Black "Grabovets, Nadezhda"]
[Result "1-0"]
[WhiteElo "1871"]
[BlackElo "1973"]
[PlyCount "67"]
[EventDate "2008.03.20"]
[EventType "swiss"]
[EventRounds "9"]
[EventCountry "RUS"]
[SourceTitle "CBM 123 Extra"]
[Source "ChessBase"]
[SourceDate "2008.05.06"]
[SourceVersion "1"]
[SourceVersionDate "2008.05.06"]
[SourceQuality "1"]

1. e4 c6 2. d4 d5 3. e5 Bf5 4. c4 dxc4 5. Bxc4 e6 6. Ne2 Ne7 7. Nbc3 Nd7 8. Ng3 Bg6 9. 0-0 Nd5 10. f4 N7b6 11. Bb3 c5 12. Nxd5 Nxd5 13. Ba4+ Ke7 14. dxc5 Qa5 15. f5 Qxc5+ 16. Kh1 Bxf5 17. Nxf5+ exf5 18. Rxf5 Ke6 19. Qg4 b5 20. Rh5+ Ke7 21. Bg5+ Ke8 22. Rc1 Qxc1+ 23. Bxc1 bxa4 24. e6 Nf6 25. Qxa4+ Ke7 26. Bg5 fxe6 27. Bxf6+ Kxf6 28. Qf4+ Ke7 29. Qc7+ Kf6 30. Rh3 a5 31. Rf3+ Kg6 32. Qf7+ Kh6 33. Rh3+ Kg5 34. Rh5+ 1-0

[Event "Moscow-ch (Women)"]
[Site "Moscow"]
[Date "2008.03.26"]
[Round "7"]
[White "Gvanceladze, Anna"]
[Black "Maidanova, Irina"]
[Result "1-0"]
[WhiteElo "2069"]
[BlackElo "1871"]
[PlyCount "89"]
[EventDate "2008.03.20"]
[EventType "swiss"]
[EventRounds "9"]
[EventCountry "RUS"]
[SourceTitle "CBM 123 Extra"]
[Source "ChessBase"]
[SourceDate "2008.05.06"]
[SourceVersion "1"]
[SourceVersionDate "2008.05.06"]
[SourceQuality "1"]

1. e4 c5 2. Nc3 Nc6 3. g3 g6 4. Bg2 Bg7 5. d3 d6 6. Be3 Rb8 7. Qd2 b5 8. f4 b4 9. Nd1 Bb7 10. Nf3 Nf6 11. h3 a5 12. 0-0 0-0 13. f5 Nd7 14. Bh6 Nde5 15. Bxg7 Kxg7 16. Ne3 Nxf3+ 17. Rxf3 Ne5 18. Rf2 Qb6 19. Raf1 a4 20. h4 b3 21. axb3 axb3 22. c3 Ba6 23. Nd5 Qb7 24. Nxe7 Bxd3 25. f6+ Kh8 26. Qh6 Rg8 27. Nxg8 Rxg8 28. Re1 Ng4 29. Qf4 Nxf2 30. Qxf2 Qc7 31. Qe3 c4 32. Bf1 Bc2 33. Qd4 d5 34. e5 Rd8 35. Kf2 h6 36. Bg2 Qd7 37. g4 Kh7 38. Ra1 Qe6 39. Ra7 Kg8 40. Re7 Qd6 41. Qe3 g5 42. hxg5 Be4 43. g6 fxg6 44. Qxh6 Qc5+ 45. Kg3 1-0

[Event "Voronezh op-B"]
[Site "Voronezh"]
[Date "2006.06.12"]
[Round "1"]
[White "Vastrukhin, Oleg"]
[Black "Maidanova, Irina"]
[Result "1-0"]
[WhiteElo "2230"]
[BlackElo "1938"]
[PlyCount "52"]
[EventDate "2006.06.12"]
[EventType "swiss"]
[EventRounds "9"]
[EventCountry "RUS"]
[SourceTitle "EXT 2007"]
[Source "ChessBase"]
[SourceDate "2006.11.23"]
[SourceVersion "1"]
[SourceVersionDate "2006.11.23"]
[SourceQuality "1"]

1. e4 e6 2. d4 b6 3. Nc3 Bb7 4. a3 d6 5. Bf4 Nd7 6. Nf3 g6 7. Qd2 Bg7 8. 0-0-0 Ne7 9. Bh6 0-0 10. h4 Nf6 11. Re1 c5 12. h5 cxd4 13. Nxd4 Nxh5 14. g4 Nf6 15. Bxg7 Kxg7 16. Qh6+ Kh8 17. Bg2 Neg8 18. Qh3 h6 19. Kb1 Nh7 20. Rd1 a6 21. e5 Bxg2 22. Qxg2 Rc8 23. exd6 Qxd6 24. Nf5 Qf4 25. Rd4 Qg5 26. Qe4 Qf6 1-0